00330nam a2200121Ia 4500008004100000041000800041082001200049100001800061245004000079260004600119300003200165365001100197240624s9999 xx 000 0 und d aeng a020 GIE aGIESECKE JOAN aFUNDAMENTALS OF LIBRARY SUPERVISION c2009aNew DelhibIndiana Publishing House aviii, : 166 : p. : cm. ; 23 cRSb20